[Event "HZ Chess Tournament 2023"]
[Site "Vlissingen, Netherlands"]
[Date "2023.08.05"]
[Round "1.33"]
[White "Duijker, Rick"]
[Black "Van de Griend, Johan"]
[Result "1-0"]
[WhiteElo "2198"]
[BlackElo "1752"]
[PlyCount "121"]

1. d4 Nf6 2. Bg5 e6 3. Nd2 d5 4. e3 c5 5. c3 Nc6 6. f4 Be7 7. Ngf3 h6 8. Bxf6
Bxf6 9. Bd3 Qb6 10. Rb1 Bd7 11. O-O cxd4 12. exd4 Rc8 13. Qe2 O-O 14. Ne5 Qd8
15. Qh5 Bxe5 16. fxe5 Qg5 17. Qe2 f6 18. exf6 Rxf6 19. Nf3 Qh5 20. Bb5 a6 21.
Bxc6 Bxc6 22. Qe5 Qf7 23. Qe3 Bb5 24. Rfe1 Rf8 25. h3 Qg6 26. Ne5 Qc2 27. Ng4
Rg6 28. Rec1 Qd3 29. Qxd3 Bxd3 30. Ra1 Be4 31. Rf1 h5 32. Ne3 Rg3 33. Rxf8+
Kxf8 34. Kf2 h4 35. Rg1 Ke7 36. Nf1 Rg6 37. Nd2 Rf6+ 38. Ke3 Bf5 39. Nf3 Rh6
40. Ng5 Rg6 41. Nf3 Rh6 42. Rf1 Be4 43. Ng5 Rg6 44. Nxe4 dxe4 45. Rf2 Rg3+ 46.
Kxe4 Kd6 47. c4 g5 48. c5+ Ke7 49. b4 g4 50. hxg4 Rxg4+ 51. Rf4 Rxg2 52. Rxh4
Rg7 53. a4 Kd7 54. b5 axb5 55. axb5 Kc7 56. Rh8 Rg1 57. Rh7+ Kc8 58. Ke5 Rd1
59. b6 Rd2 60. Rc7+ Kb8 61. Re7 1-0

[Event "HZ Chess Tournament 2023"]
[Site "Vlissingen, Netherlands"]
[Date "2023.08.05"]
[Round "1.34"]
[White "Mellegers, Maarten"]
[Black "Provoost, Simon"]
[Result "0-1"]
[WhiteElo "1748"]
[BlackElo "2198"]
[PlyCount "54"]

1. d4 d5 2. c4 e6 3. Nc3 Nf6 4. Nf3 a6 5. cxd5 exd5 6. Bg5 Be6 7. Qb3 Ra7 8.
O-O-O Be7 9. h3 Nbd7 10. Bxf6 Nxf6 11. Ng5 Bc8 12. e4 Nh5 13. Nxf7 Kxf7 14.
Nxd5 Ke8 15. Qf3 g6 16. Qc3 Bg5+ 17. Kb1 c6 18. Qc5 cxd5 19. Qxa7 Be7 20. exd5
Bd6 21. Re1+ Kf7 22. Bxa6 Qa5 23. Re6 Rd8 24. g4 Nf4 25. Rxd6 Rxd6 26. Qb8 Qd8
27. Rc1 Bf5+ 0-1

[Event "HZ Chess Tournament 2023"]
[Site "Vlissingen, Netherlands"]
[Date "2023.08.05"]
[Round "1.35"]
[White "Lommers, Frank"]
[Black "Van Gestel, Sjef"]
[Result "1-0"]
[WhiteElo "2190"]
[BlackElo "1730"]
[PlyCount "23"]

1. Nf3 Nf6 2. c4 e6 3. g3 b6 4. Bg2 Bb7 5. O-O c5 6. Na3 Be7 7. Re1 O-O 8. e4
d5 9. exd5 exd5 10. Nh4 g6 11. cxd5 Nh5 12. d6 1-0

[Event "HZ Chess Tournament 2023"]
[Site "Vlissingen, Netherlands"]
[Date "2023.08.05"]
[Round "1.36"]
[White "Verhoef, Harry"]
[Black "Honkoop, Gilian"]
[Result "0-1"]
[WhiteElo "1728"]
[BlackElo "2183"]
[PlyCount "34"]

1. d4 Nf6 2. c4 e6 3. Qc2 c5 4. Nf3 Nc6 5. e3 b6 6. Nc3 Bb7 7. Be2 cxd4 8. exd4
Be7 9. Bf4 O-O 10. O-O-O d5 11. cxd5 Nb4 12. Qb3 Nfxd5 13. Bd2 Rc8 14. Kb1
Nxc3+ 15. Bxc3 Be4+ 16. Ka1 Nc2+ 17. Kb1 Nxd4+ 0-1

[Event "HZ Chess Tournament 2023"]
[Site "Vlissingen, Netherlands"]
[Date "2023.08.05"]
[Round "1.37"]
[White "Van Baar, Esper"]
[Black "Dhooge, Servaas"]
[Result "1-0"]
[WhiteElo "2179"]
[BlackElo "1721"]
[PlyCount "55"]

1. e4 c5 2. Nf3 e6 3. c3 d5 4. exd5 Qxd5 5. d4 Nf6 6. Na3 cxd4 7. Nb5 Qd8 8.
Nbxd4 Be7 9. g3 O-O 10. Bg2 Qb6 11. O-O Rd8 12. Qe2 a6 13. Re1 Nc6 14. Nxc6
bxc6 15. Ne5 Bb7 16. Nxf7 Rf8 17. Ng5 Bc5 18. Be3 Rae8 19. b4 Bxe3 20. Qxe3 Qb5
21. h3 e5 22. a4 Qc4 23. Bf1 Qd5 24. Rad1 Qa2 25. Rd2 Qxa4 26. Bc4+ Nd5 27. Ra2
Qb5 28. Qe4 1-0

[Event "HZ Chess Tournament 2023"]
[Site "Vlissingen, Netherlands"]
[Date "2023.08.05"]
[Round "1.38"]
[White "Muskens, Mink"]
[Black "Nieuwelink, Kees"]
[Result "0-1"]
[WhiteElo "1719"]
[BlackElo "2165"]
[PlyCount "78"]

1. e4 e5 2. Nf3 Nc6 3. Bc4 Nf6 4. d4 exd4 5. O-O Bc5 6. e5 d5 7. exf6 dxc4 8.
Re1+ Be6 9. fxg7 Rg8 10. Ng5 Qd5 11. Nc3 Qf5 12. Nce4 O-O-O 13. Nxe6 fxe6 14.
Nxc5 Qxc5 15. Rxe6 Rxg7 16. Bh6 Rxg2+ 17. Kxg2 Qd5+ 18. Kf1 Qxe6 19. Qh5 Qe4
20. Rd1 Qxc2 21. Re1 Qd3+ 22. Kg1 Qg6+ 23. Qxg6 hxg6 24. Rd1 b5 25. h4 Ne5 26.
Bg7 Nf3+ 27. Kf1 d3 28. Bf6 Rf8 29. Be7 Rf7 30. Kg2 Kd7 31. Bc5 Nxh4+ 32. Kh3
Nf3 33. Bxa7 Kd6 34. b3 c5 35. Bb8+ Kd5 36. Kg3 Kd4 37. Bf4 Ke4 38. Bd6 c3 39.
Bxc5 c2 0-1

[Event "HZ Chess Tournament 2023"]
[Site "Vlissingen, Netherlands"]
[Date "2023.08.05"]
[Round "1.39"]
[White "Weber, Dirk"]
[Black "Schoor, Carl"]
[Result "1-0"]
[WhiteElo "2151"]
[BlackElo "1716"]
[PlyCount "133"]

1. d4 Nf6 2. Nf3 e6 3. Bf4 c5 4. e3 Nc6 5. c3 cxd4 6. exd4 d5 7. Bd3 Bd6 8.
Bxd6 Qxd6 9. Qe2 O-O 10. O-O Bd7 11. Nbd2 Rae8 12. Ne5 Bc8 13. f4 Nd7 14. Rf3
f5 15. Nxd7 Qxd7 16. Rh3 Rf6 17. Nf3 h6 18. Re1 a6 19. Qf2 Qf7 20. Qh4 Rg6 21.
Qh5 Rg4 22. g3 Qxh5 23. Rxh5 Re7 24. a4 Rg6 25. Kf2 Kf8 26. Re3 Rf6 27. Rh4 Ke8
28. Be2 Kd8 29. Ne1 Kc7 30. b4 Bd7 31. Nd3 Nd8 32. Bd1 b6 33. Bb3 Nc6 34. Ke2
g5 35. Rh3 Rg7 36. Kd2 Nd8 37. Ne5 Nb7 38. fxg5 hxg5 39. Rh8 Nd6 40. Bc2 f4 41.
Re1 fxg3 42. hxg3 Rf2+ 43. Re2 Rxe2+ 44. Kxe2 Nf7 45. Nxf7 Rxf7 46. Rg8 Kd6 47.
Rxg5 Re7 48. Rg6 Kc7 49. Kf2 Rh7 50. Kg2 Re7 51. Bd1 e5 52. a5 bxa5 53. bxa5
exd4 54. cxd4 Bb5 55. Bf3 Bc4 56. g4 Bd3 57. Rf6 Rg7 58. Kg3 Bc4 59. Kf4 Kd7
60. g5 Ke7 61. Bg4 Bd3 62. Bf5 Be2 63. Rb6 Rf7 64. Ke5 Bc4 65. Be6 Rg7 66. Rb7+
Kf8 67. Rxg7 1-0

[Event "HZ Chess Tournament 2023"]
[Site "Vlissingen, Netherlands"]
[Date "2023.08.05"]
[Round "1.40"]
[White "Markus, Gijs"]
[Black "Duson, Robin"]
[Result "0-1"]
[WhiteElo "1715"]
[BlackElo "2140"]
[PlyCount "94"]

1. Nf3 c5 2. c4 Nc6 3. d4 cxd4 4. Nxd4 Nf6 5. Nc3 Qb6 6. e3 g6 7. Be2 Bg7 8.
O-O O-O 9. Qd2 d6 10. h3 Be6 11. Rb1 Rac8 12. b3 Nxd4 13. exd4 Bf5 14. Na4 Qc7
15. Bd3 Bd7 16. Nc3 e5 17. dxe5 dxe5 18. Bb2 Bc6 19. Qe2 Rcd8 20. Be4 Nxe4 21.
Nxe4 f5 22. Nc3 Rf7 23. Rfd1 Rfd7 24. Rxd7 Rxd7 25. Rd1 Qd8 26. Rxd7 Qxd7 27.
Qd1 Qxd1+ 28. Nxd1 Kf7 29. f3 Ke6 30. Kf2 Bf8 31. Ke2 Bc5 32. Kd3 e4+ 33. Ke2
f4 34. Nf2 e3 35. Nd3 Bd6 36. Bc3 Kf5 37. Be1 Bc7 38. Bc3 b5 39. c5 a5 40. b4
a4 41. a3 Bd5 42. Nb2 h5 43. Nd1 Bc4+ 44. Ke1 Bd8 45. g3 Ke6 46. Nb2 fxg3 47.
Nxc4 g2 0-1

[Event "HZ Chess Tournament 2023"]
[Site "Vlissingen, Netherlands"]
[Date "2023.08.05"]
[Round "1.41"]
[White "Krasenkowa, Elena"]
[Black "Kogeler, Aart"]
[Result "1-0"]
[WhiteElo "2137"]
[BlackElo "1714"]
[PlyCount "73"]

1. d4 Nf6 2. c4 g6 3. Nc3 d5 4. cxd5 Nxd5 5. e4 Nxc3 6. bxc3 Bg7 7. Bc4 c5 8.
Ne2 Nc6 9. Be3 O-O 10. O-O Na5 11. Bd3 b6 12. Rc1 Nb7 13. e5 Rb8 14. f4 Bg4 15.
h3 Bxe2 16. Qxe2 e6 17. Be4 Qc7 18. g4 Nd8 19. Qg2 f5 20. Bf3 Rc8 21. Kh1 Qe7
22. gxf5 exf5 23. d5 Nf7 24. Rfe1 Nd8 25. Bd2 c4 26. d6 Qd7 27. Bd5+ Ne6 28.
Be3 Kh8 29. Bb7 Rb8 30. Bc6 Qd8 31. Bd5 Nc5 32. Bxc4 Ne4 33. Bd5 Nc5 34. Rcd1
Qh4 35. Rf1 Ne4 36. Bxe4 fxe4 37. Qg4 1-0

[Event "HZ Chess Tournament 2023"]
[Site "Vlissingen, Netherlands"]
[Date "2023.08.05"]
[Round "1.42"]
[White "Van Sonderen, Paul"]
[Black "Boelhouwer, Collin"]
[Result "0-1"]
[WhiteElo "1712"]
[BlackElo "2134"]
[PlyCount "34"]

1. e4 c5 2. Nf3 d6 3. d4 cxd4 4. Nxd4 Nf6 5. Nc3 Nc6 6. Be2 e6 7. O-O Be7 8.
Be3 O-O 9. Qd2 a6 10. f4 Bd7 11. h3 b5 12. Ndxb5 axb5 13. Nxb5 Nxe4 14. Qe1 d5
15. f5 Nb4 16. f6 Nxf6 17. Rxf6 Nxc2 0-1

[Event "HZ Chess Tournament 2023"]
[Site "Vlissingen, Netherlands"]
[Date "2023.08.05"]
[Round "1.43"]
[White "Maters, Arthur"]
[Black "Kempfer, Justus"]
[Result "0-1"]
[WhiteElo "2131"]
[BlackElo "1711"]
[PlyCount "48"]

1. e4 d5 2. exd5 Qxd5 3. Nc3 Qa5 4. d4 Nf6 5. Bc4 Bg4 6. Nf3 Nc6 7. Be3 e6 8.
a3 O-O-O 9. Bb5 Nxd4 10. Bxd4 c5 11. b4 Qc7 12. Be2 Bxf3 13. Bxf3 cxd4 14. Nb5
Qe5+ 15. Be2 a6 16. Na7+ Kb8 17. Nc6+ bxc6 18. Qd3 Nd5 19. Qxa6 d3 20. O-O-O
Qa1+ 21. Kd2 Qc3+ 22. Kc1 d2+ 23. Kb1 Be7 24. Qd3 Bf6 0-1

[Event "HZ Chess Tournament 2023"]
[Site "Vlissingen, Netherlands"]
[Date "2023.08.05"]
[Round "1.44"]
[White "Van de Krol, Sernin"]
[Black "Sparenberg, Erik"]
[Result "0-1"]
[WhiteElo "1709"]
[BlackElo "2128"]
[PlyCount "64"]

1. e4 e5 2. Nf3 Nc6 3. d4 exd4 4. Nxd4 Nf6 5. Nxc6 bxc6 6. Nc3 Bb4 7. Bd3 d5 8.
exd5 cxd5 9. O-O O-O 10. h3 c6 11. Bf4 Re8 12. Qf3 Nd7 13. Rfe1 Nf8 14. a3 Be7
15. Bg3 Bf6 16. Rad1 Bd7 17. Rxe8 Qxe8 18. h4 Qe7 19. h5 Ne6 20. h6 Nd4 21. Qf4
g6 22. Qd2 Re8 23. f3 Bg5 24. Bf4 Bf6 25. Bg3 Ne6 26. f4 Qf8 27. f5 Bg5 28. Qf2
Nc5 29. Qf3 Nxd3 30. fxg6 Ne5 31. gxh7+ Kxh7 32. Bxe5 Rxe5 0-1

[Event "HZ Chess Tournament 2023"]
[Site "Vlissingen, Netherlands"]
[Date "2023.08.05"]
[Round "1.45"]
[White "Vandevenne, Sander"]
[Black "Westveer, Riny"]
[Result "1-0"]
[WhiteElo "2125"]
[BlackElo "1708"]
[PlyCount "101"]

1. e4 c6 2. d4 d5 3. exd5 cxd5 4. Bd3 Nc6 5. c3 Nf6 6. Bf4 Bg4 7. Ne2 e6 8. O-O
Bd6 9. Qd2 Bxe2 10. Bxe2 Ne4 11. Qe3 O-O 12. Nd2 Bxf4 13. Qxf4 Nxd2 14. Qxd2
Rc8 15. Rfe1 Qd6 16. Bd3 e5 17. dxe5 Nxe5 18. Rad1 Nxd3 19. Qxd3 Rfe8 20. Rxe8+
Rxe8 21. g3 h6 22. Kg2 Qb6 23. Rd2 Qc6 24. Qxd5 Qxd5+ 25. Rxd5 Re2 26. Rb5 b6
27. Kf3 Re7 28. h4 g6 29. a4 Kg7 30. a5 Re6 31. axb6 axb6 32. c4 f5 33. h5 Kf6
34. hxg6 Kxg6 35. Kg2 Kg5 36. Kh3 Kf6 37. b3 Rd6 38. Kh4 Kg6 39. Rd5 Re6 40.
Kh3 Kf6 41. Rd8 Ke5 42. f3 Kf6 43. b4 Ke7 44. Rb8 Kf6 45. Rb7 Rd6 46. Rc7 Re6
47. Kh4 Kg6 48. f4 Kf6 49. b5 Kg6 50. Rc6 Kf6 51. Kh5 1-0

[Event "HZ Chess Tournament 2023"]
[Site "Vlissingen, Netherlands"]
[Date "2023.08.05"]
[Round "1.46"]
[White "Vieira, Daniel"]
[Black "Hekhuis, Jeroen"]
[Result "0-1"]
[WhiteElo "1707"]
[BlackElo "2123"]
[PlyCount "84"]

1. d4 d5 2. c4 e6 3. Nf3 Nf6 4. Nc3 c6 5. e3 Bd6 6. Bd3 O-O 7. O-O Nbd7 8. e4
dxe4 9. Nxe4 Nxe4 10. Bxe4 h6 11. Re1 Nf6 12. Bc2 b6 13. Qd3 Qc7 14. Ne5 Rd8
15. Qg3 Kf8 16. Qh4 Bxe5 17. dxe5 Ng8 18. Be3 c5 19. Rad1 Bb7 20. f4 Ne7 21.
Qg4 Qc6 22. Rd2 Rxd2 23. Bxd2 Rd8 24. Bc3 a6 25. Be4 Qc8 26. Qf3 Bxe4 27. Qxe4
g6 28. b4 Nf5 29. Rb1 Kg7 30. a4 cxb4 31. Bxb4 Rd4 32. Qf3 Qxc4 33. Qa8 Rd7 34.
g4 Qd4+ 35. Kh1 Nh4 36. Bd6 Qd3 37. Rc1 Qd2 38. Qc6 Qxf4 39. Rb1 Nf3 40. Rb2
Nd4 41. Qc4 Qe4+ 42. Kg1 Nf3+ 0-1

[Event "HZ Chess Tournament 2023"]
[Site "Vlissingen, Netherlands"]
[Date "2023.08.05"]
[Round "1.47"]
[White "Verduyn, Frederic"]
[Black "Van der Sloot, Jens"]
[Result "1-0"]
[WhiteElo "2119"]
[BlackElo "1705"]
[PlyCount "91"]

1. d4 Nf6 2. Bf4 d5 3. e3 e6 4. Nf3 c5 5. Nbd2 Nc6 6. c3 Be7 7. Bd3 O-O 8. h4
Nd7 9. Bxh7+ Kxh7 10. Ng5+ Kg8 11. Qc2 Nf6 12. O-O-O cxd4 13. exd4 Bd7 14. f3
Nxd4 15. Qd3 Nc6 16. Rde1 Rc8 17. Kb1 d4 18. Nc4 dxc3 19. bxc3 Na5 20. Ne5 Qb6+
21. Ka1 Bb5 22. Qc2 Nc4 23. Ng4 g6 24. Rxe6 Ba4 25. Rxb6 Bxc2 26. Rxf6 Bxf6 27.
Nxf6+ Kg7 28. Ng4 Bf5 29. Ne3 Nxe3 30. Bxe3 f6 31. Bd4 Rc4 32. g4 Bc8 33. Ne4
Rc6 34. g5 Be6 35. gxf6+ Kf7 36. Ng5+ Ke8 37. h5 gxh5 38. Rxh5 Bg8 39. Ne4 Ra6
40. Rh2 b6 41. Be5 Kf7 42. Rd2 Kg6 43. Nd6 b5 44. Rg2+ Kh7 45. f7 Rxd6 46. Rg7+
1-0

[Event "HZ Chess Tournament 2023"]
[Site "Vlissingen, Netherlands"]
[Date "2023.08.05"]
[Round "1.48"]
[White "Schoonenwolf, Jack"]
[Black "Finkenflugel, Renzo"]
[Result "0-1"]
[WhiteElo "1704"]
[BlackElo "2113"]
[PlyCount "50"]

1. e4 e5 2. Nc3 Nc6 3. Bc4 Nf6 4. d3 Na5 5. Bb3 Nxb3 6. axb3 d5 7. Bg5 d4 8.
Nd5 Be6 9. Nxf6+ gxf6 10. Bd2 Rg8 11. Kf1 Qd7 12. h3 a6 13. g4 O-O-O 14. Ne2 h5
15. f3 hxg4 16. hxg4 Bxg4 17. fxg4 Qxg4 18. Rg1 Qf3+ 19. Ke1 Be7 20. Rf1 Qh3
21. Qc1 f5 22. Bf4 Bh4+ 23. Bg3 Bxg3+ 24. Nxg3 Rxg3 25. Qd1 Qg2 0-1

[Event "HZ Chess Tournament 2023"]
[Site "Vlissingen, Netherlands"]
[Date "2023.08.05"]
[Round "1.49"]
[White "Gijsen, William"]
[Black "Densing, Gerd"]
[Result "1-0"]
[WhiteElo "2111"]
[BlackElo "1703"]
[PlyCount "61"]

1. e4 e6 2. d4 d5 3. e5 c5 4. c3 Nc6 5. Nf3 Bd7 6. Be2 Qb6 7. O-O Rc8 8. a3
cxd4 9. cxd4 Na5 10. Nbd2 Ne7 11. b4 Nc4 12. Qb3 Nxd2 13. Bxd2 Nc6 14. Qe3 Be7
15. Bd3 h6 16. Rac1 O-O 17. Bb1 f5 18. exf6 Bxf6 19. Qd3 Nxd4 20. Nxd4 Bxd4 21.
Qh7+ Kf7 22. Rxc8 Rxc8 23. Bxh6 Rg8 24. Bg6+ Kf8 25. Be3 e5 26. h4 Be6 27. Bg5
Bf7 28. Bxf7 Kxf7 29. Qf5+ Ke8 30. Rc1 Bxf2+ 31. Kh1 1-0

[Event "HZ Chess Tournament 2023"]
[Site "Vlissingen, Netherlands"]
[Date "2023.08.05"]
[Round "1.50"]
[White "Boittin, Pascal"]
[Black "Hu, Yu A"]
[Result "0-1"]
[WhiteElo "1686"]
[BlackElo "2108"]
[PlyCount "78"]

1. e4 c5 2. Nf3 Nc6 3. d4 cxd4 4. Nxd4 Nf6 5. Nc3 e5 6. Ndb5 d6 7. Bg5 a6 8.
Na3 b5 9. Nd5 Be7 10. Bxf6 Bxf6 11. c3 Bg5 12. Nc2 Rb8 13. Ncb4 Nxb4 14. Nxb4
Bb7 15. Nd5 O-O 16. g3 Bc6 17. Bg2 a5 18. a3 Qd7 19. O-O Qb7 20. Qg4 Bxd5 21.
exd5 Bd8 22. Rad1 f5 23. Qe2 b4 24. axb4 axb4 25. c4 Bb6 26. Kh1 Rbe8 27. f3 f4
28. Bh3 Ra8 29. Be6+ Kh8 30. Ra1 Bd4 31. Rfd1 b3 32. Kg2 Ra2 33. Rab1 Qb4 34.
Rd2 Be3 35. Rd3 Qxc4 36. Rxe3 Qc2 37. Rxe5 Qxb1 38. Rf5 Rxf5 39. Bxf5 Qxb2 0-1

[Event "HZ Chess Tournament 2023"]
[Site "Vlissingen, Netherlands"]
[Date "2023.08.05"]
[Round "1.51"]
[White "Wagenvoorde, Guido"]
[Black "Koppenens, Oscar"]
[Result "1-0"]
[WhiteElo "2104"]
[BlackElo "1684"]
[PlyCount "75"]

1. d4 Nf6 2. c4 e6 3. Nf3 d5 4. g3 dxc4 5. Bg2 c6 6. O-O Bd6 7. Nbd2 b5 8. Ne5
Bxe5 9. dxe5 Nd5 10. Ne4 O-O 11. f4 Nd7 12. Kh1 N7b6 13. Nd6 Bd7 14. e4 Ne7 15.
Qh5 f5 16. Be3 Be8 17. Qh3 Bg6 18. Rad1 Qc7 19. Bc5 Na4 20. Ba3 Rfd8 21. g4
fxe4 22. f5 exf5 23. gxf5 Be8 24. f6 Ng6 25. Nxe8 Rxe8 26. f7+ Kh8 27. fxe8=Q+
Rxe8 28. Bxe4 Kg8 29. Bxg6 hxg6 30. e6 c5 31. b3 Nb6 32. Rde1 b4 33. Qf3 Qc8
34. Qf7+ Kh7 35. Rg1 Qc6+ 36. Rg2 c3 37. Qxg6+ Kg8 38. Qxg7# 1-0

[Event "HZ Chess Tournament 2023"]
[Site "Vlissingen, Netherlands"]
[Date "2023.08.06"]
[Round "2.1"]
[White "Duchene, Rene"]
[Black "Van Wely, Loek"]
[Result "0-1"]
[WhiteElo "2128"]
[BlackElo "2644"]
[PlyCount "58"]

1. Nf3 g6 2. e4 Bg7 3. d4 d6 4. Nc3 a6 5. a4 Nf6 6. Be2 O-O 7. O-O b6 8. Re1
Bb7 9. Bf1 e6 10. h3 Nbd7 11. Bg5 h6 12. Bf4 Qe7 13. Qd2 Kh7 14. g4 e5 15. Bg3
c6 16. Rad1 Rfe8 17. dxe5 dxe5 18. Bc4 b5 19. Bb3 b4 20. Na2 c5 21. g5 Nxe4 22.
Qxd7 Nxg3 23. Nxe5 Bxe5 24. Rxe5 Qxe5 25. Qxb7 Ne2+ 26. Kh1 Rad8 27. Qxf7+ Kh8
28. Rd5 Rxd5 29. Bxd5 Nf4 0-1

[Event "HZ Chess Tournament 2023"]
[Site "Vlissingen, Netherlands"]
[Date "2023.08.06"]
[Round "2.2"]
[White "Ter-Sahakyan, Samvel"]
[Black "Emans, Job"]
[Result "1-0"]
[WhiteElo "2604"]
[BlackElo "2059"]
[PlyCount "59"]

1. e4 e5 2. Nf3 Nc6 3. Bb5 a6 4. Ba4 Nf6 5. O-O Be7 6. Re1 b5 7. Bb3 O-O 8. a4
Bb7 9. d3 d6 10. Bd2 Qd7 11. Nc3 Na5 12. Ba2 b4 13. Ne2 c5 14. Ng3 Rab8 15. Nf5
Bc8 16. Ng5 b3 17. Bxa5 bxa2 18. Rxa2 h6 19. Nf3 Qb7 20. Ne3 g6 21. c4 Nh5 22.
Nd5 Bd8 23. Bd2 Kg7 24. b4 cxb4 25. Bxb4 Qc6 26. d4 Rxb4 27. Nxb4 Qxc4 28. Rc2
Qe6 29. dxe5 Ba5 30. exd6 1-0

[Event "HZ Chess Tournament 2023"]
[Site "Vlissingen, Netherlands"]
[Date "2023.08.06"]
[Round "2.3"]
[White "Van Batenburg, Mees"]
[Black "Dardha, Daniel"]
[Result "0-1"]
[WhiteElo "2080"]
[BlackElo "2598"]
[PlyCount "52"]

1. e4 c5 2. Nf3 d6 3. d4 Nf6 4. Nc3 cxd4 5. Nxd4 Bd7 6. Bg5 e6 7. f4 a6 8. Qf3
Nc6 9. O-O-O Nxd4 10. Rxd4 Qa5 11. Bc4 Be7 12. g4 Rc8 13. Bb3 h6 14. Bh4 Bc6
15. Rg1 g5 16. fxg5 hxg5 17. Bg3 Nd7 18. Rf1 Rh7 19. Bxd6 Bxd6 20. Rxd6 Qe5 21.
Rd2 Nc5 22. Bd5 Bd7 23. Re2 Kf8 24. Bb3 b5 25. Qf6 Qxf6 26. Rxf6 a5 0-1

[Event "HZ Chess Tournament 2023"]
[Site "Vlissingen, Netherlands"]
[Date "2023.08.06"]
[Round "2.4"]
[White "Vrolijk, Liam"]
[Black "Van Houtte, Randy"]
[Result "1-0"]
[WhiteElo "2517"]
[BlackElo "2105"]
[PlyCount "69"]

1. Nf3 d5 2. g3 Nf6 3. Bg2 e6 4. O-O Bd6 5. d4 Nbd7 6. c4 c6 7. Nfd2 O-O 8. Nc3
Re8 9. e4 dxe4 10. Ndxe4 Nxe4 11. Nxe4 Be7 12. Bf4 Nf6 13. Nc3 Bd6 14. Qd2 Bxf4
15. Qxf4 Bd7 16. Rfe1 Rb8 17. Qd6 Qe7 18. Qc7 Qd8 19. Qe5 b5 20. c5 b4 21. Ne4
Nxe4 22. Rxe4 Qf6 23. Qc7 Red8 24. Qxa7 Be8 25. Rf4 Qg6 26. Qa4 b3 27. Be4 f5
28. Bxc6 Bxc6 29. Qxc6 Qf6 30. axb3 g5 31. Rf3 Rxd4 32. Re3 f4 33. Rxe6 Qf7 34.
Rf6 Qxb3 35. Rg6+ 1-0

[Event "HZ Chess Tournament 2023"]
[Site "Vlissingen, Netherlands"]
[Date "2023.08.06"]
[Round "2.5"]
[White "Coenen, Eduard"]
[Black "Krasenkow, Michal"]
[Result "0-1"]
[WhiteElo "2069"]
[BlackElo "2524"]
[PlyCount "134"]

1. d4 g6 2. Bf4 Bg7 3. e3 d6 4. Nf3 Nd7 5. Bc4 e6 6. c3 Ne7 7. Nbd2 O-O 8. Qe2
d5 9. Bd3 Nc6 10. Bb5 a6 11. Bxc6 bxc6 12. O-O c5 13. Rfc1 Re8 14. b4 c4 15.
Qd1 Nb6 16. e4 a5 17. bxa5 Rxa5 18. Ne5 Bb7 19. exd5 Bxd5 20. Qe2 Qa8 21. Ndf3
c5 22. dxc5 Na4 23. c6 f6 24. Ng4 e5 25. Bd2 Qxc6 26. Ne1 f5 27. Ne3 Bf7 28.
N3c2 e4 29. Nd4 Qa8 30. Nec2 Nc5 31. Nb4 Nd3 32. Rcb1 Nxb4 33. Rxb4 Rxa2 34.
Rxa2 Qxa2 35. Qe1 Ra8 36. g3 Bd5 37. Be3 h6 38. h4 Bf7 39. Qb1 Qxb1+ 40. Rxb1
h5 41. Rc1 Rb8 42. Kf1 Bf6 43. Ne2 Kf8 44. Bd4 Be7 45. Ra1 g5 46. hxg5 Bxg5 47.
Ra5 Be6 48. Nf4 Bxf4 49. gxf4 Ke7 50. Ra7+ Bd7 51. Ra6 Rg8 52. Rh6 Be8 53. Bf6+
Kd7 54. Ke2 Rg1 55. Bg5 Rh1 56. Bf6 Kc6 57. Be5+ Kb5 58. Rh8 Bd7 59. Rd8 Kc6
60. Rh8 h4 61. Rh6+ Kb5 62. Rd6 Be8 63. Rh6 h3 64. Bd4 h2 65. Rh8 Ka5 66. Rh6
Ba4 67. f3 Ra1 0-1

[Event "HZ Chess Tournament 2023"]
[Site "Vlissingen, Netherlands"]
[Date "2023.08.06"]
[Round "2.6"]
[White "Schoppen, Casper"]
[Black "Romkes, Abel"]
[Result "1-0"]
[WhiteElo "2498"]
[BlackElo "2054"]
[PlyCount "75"]

1. Nf3 d5 2. c4 e6 3. e3 Nf6 4. b3 c5 5. cxd5 exd5 6. d4 cxd4 7. Nxd4 Nc6 8.
Bb5 Bd7 9. O-O Bd6 10. Nf3 O-O 11. Bb2 Re8 12. h3 Qe7 13. Nc3 Rad8 14. Rc1 a6
15. Be2 Bf5 16. Re1 h6 17. Bf1 Bb8 18. Ne2 Qd6 19. Ned4 Be4 20. g3 Ne7 21. Bg2
Qd7 22. Ne2 Qe6 23. Nf4 Qd6 24. Nd4 Ng6 25. Nh5 Nxh5 26. Qxh5 Ne5 27. Red1 Nd3
28. Rc2 Nxb2 29. Rxb2 Ba7 30. Rbd2 Bb6 31. Nf5 Qf6 32. Bxe4 dxe4 33. Nd6 Re7
34. Qg4 Rf8 35. Nxe4 Qc6 36. Nd6 Rc7 37. Nf5 g6 38. Rd6 1-0

[Event "HZ Chess Tournament 2023"]
[Site "Vlissingen, Netherlands"]
[Date "2023.08.06"]
[Round "2.7"]
[White "Manshanden, Nick"]
[Black "Ghazarian, Kirk"]
[Result "0-1"]
[WhiteElo "2059"]
[BlackElo "2469"]
[PlyCount "58"]

1. Nf3 c5 2. g3 g6 3. Bg2 Bg7 4. c4 Nc6 5. Nc3 e6 6. O-O Nge7 7. d4 Nxd4 8.
Nxd4 cxd4 9. Nb5 Qb6 10. e3 O-O 11. Nxd4 d5 12. cxd5 Nxd5 13. Bxd5 exd5 14. Qb3
Qd8 15. Bd2 Bh3 16. Rfc1 Qd7 17. Bc3 Rfe8 18. Qb5 Qd6 19. Qxb7 Bxd4 20. Bxd4
Qe6 21. f3 Qf5 22. Qa6 Rxe3 23. Bxe3 Qxf3 24. Rc2 Qxe3+ 25. Rf2 Rc8 26. Qe2
Rc1+ 27. Rxc1 Qxc1+ 28. Rf1 Bxf1 29. Qxf1 Qxb2 0-1

[Event "HZ Chess Tournament 2023"]
[Site "Vlissingen, Netherlands"]
[Date "2023.08.06"]
[Round "2.8"]
[White "Ikonnikov, Vyacheslav"]
[Black "Bazilius, Augustinas"]
[Result "1-0"]
[WhiteElo "2467"]
[BlackElo "2110"]
[PlyCount "47"]

1. Nf3 Nf6 2. c4 c5 3. Nc3 d5 4. cxd5 Nxd5 5. g3 Nc6 6. Bg2 Nc7 7. O-O e5 8. d3
Be7 9. Nd2 O-O 10. Nc4 f6 11. a4 Be6 12. a5 Qd7 13. Re1 Rab8 14. Be3 b5 15.
axb6 axb6 16. Na4 b5 17. Ncb6 Rxb6 18. Nxb6 Qd6 19. Qd2 Nb4 20. Rec1 Nba6 21.
Qa5 Qd8 22. Na8 Qxa8 23. Bxa8 Rxa8 24. Qb6 1-0

[Event "HZ Chess Tournament 2023"]
[Site "Vlissingen, Netherlands"]
[Date "2023.08.06"]
[Round "2.9"]
[White "Hoffman, Ron"]
[Black "Leenhouts, Koen"]
[Result "0-1"]
[WhiteElo "2025"]
[BlackElo "2446"]
[PlyCount "58"]

1. d4 d5 2. Bf4 c5 3. e3 Nc6 4. c3 Qb6 5. Qb3 c4 6. Qc2 e5 7. dxe5 Bf5 8. Qc1
g5 9. Bg3 Bg7 10. Nf3 h5 11. h4 g4 12. Nd4 Nge7 13. Be2 Bxe5 14. Nxf5 Nxf5 15.
Bxe5 Nxe5 16. g3 O-O-O 17. Na3 Rhe8 18. Nc2 Kb8 19. O-O Nf3+ 20. Bxf3 gxf3 21.
Nd4 Nxh4 22. b3 Qg6 23. Qb1 Re4 24. bxc4 Nf5 25. Nxf5 Qxf5 26. Kh2 h4 27. g4
Qe5+ 28. Kh1 Rxg4 29. Rg1 Rg3 0-1

[Event "HZ Chess Tournament 2023"]
[Site "Vlissingen, Netherlands"]
[Date "2023.08.06"]
[Round "2.10"]
[White "Zwirs, Nico"]
[Black "Kindt, Manfred"]
[Result "1-0"]
[WhiteElo "2443"]
[BlackElo "2045"]
[PlyCount "55"]

1. e4 e5 2. Nf3 Nc6 3. Bc4 Nf6 4. d3 Bc5 5. c3 d6 6. Bb3 a6 7. h3 Ba7 8. Nbd2
h6 9. Nf1 O-O 10. g4 d5 11. Qe2 Be6 12. g5 dxe4 13. dxe4 hxg5 14. Bxg5 Bxb3 15.
axb3 Qd6 16. Rg1 Ne7 17. Ng3 Ng6 18. Nh4 Nh7 19. Nhf5 Qe6 20. Nh5 Nxg5 21. Rxg5
Bc5 22. Nhxg7 Qf6 23. Rg3 Rfd8 24. Qc4 Bf8 25. Nh5 Qc6 26. Qxc6 bxc6 27. Nf6+
Kh8 28. Rg5 1-0

[Event "HZ Chess Tournament 2023"]
[Site "Vlissingen, Netherlands"]
[Date "2023.08.06"]
[Round "2.11"]
[White "Pfreundt, Jakob"]
[Black "Boeren, Jurriaan"]
[Result "1-0"]
[WhiteElo "2427"]
[BlackElo "1987"]
[PlyCount "71"]

1. d4 d5 2. Nf3 Nf6 3. c4 e6 4. cxd5 exd5 5. Nc3 Be7 6. Bf4 c6 7. Qc2 O-O 8. e3
Re8 9. Bd3 Nbd7 10. h3 a6 11. O-O c5 12. dxc5 Nxc5 13. Rfd1 Nxd3 14. Qxd3 Be6
15. Be5 b5 16. Rab1 Rc8 17. Bxf6 Bxf6 18. Nxd5 Bxd5 19. Qxd5 Qxd5 20. Rxd5 Rc2
21. Nd4 Bxd4 22. Rxd4 g6 23. a4 bxa4 24. Rxa4 Re6 25. Rf4 Rb6 26. Rd1 Rcxb2 27.
Rd7 f6 28. Rc4 Rb8 29. Rcc7 a5 30. Rg7+ Kh8 31. Rxh7+ Kg8 32. Rcg7+ Kf8 33. Ra7
Kg8 34. Rhg7+ Kh8 35. Rxg6 Ra2 36. Rxf6 1-0